000 00230nam a2200097Ia 4500
001 639778
005 20250826153434.0
008 250824s9999 xx 000 0 und d
245 0 _aRuby Rogers Oyunbozan
_cSue Limb
260 _bALTIN
999 _c639778
_d639778